000 01150nam a2200349Ia 4500
001 dia_1207
003 CHAP
005 20230120135220.0
008 220117s1972 xx 000 0 und d
010 _a171750
040 _cCHAP
082 _a633.61 M37 1972
100 _aMartínez Garza, Angel
_972079
245 _aDiseño y análisis de experimentos con caña de azúcar /
_c Angel Martínez Garza
260 _aChapingo, México :
_b Colegio de Posgraduados :,
_b ENA,
_c1972
300 _a204 p.
503 _aD.
504 _aBibliografía: p. 193-195
590 _aQA2765 M37 1972
650 _aCaña de azúcar
_xAnálisis
_918575
650 _aCaña de azúcar
_xFertilizantes
_918604
650 _aCaña de azúcar
_xInvestigación
_918617
650 _aDiseño experimental
_9147259
650 _aExperimental design
_9147260
650 _aSugar cane
_xAnalysis
_9150260
650 _aSugar cane
_xFertilizers
_9150261
650 _aSugar cane
_xResearch
_9150262
901 _a633.61 M37 1972
902 _aM
905 _a5232271972 Mx mn 8222123322SPA16
942 _cLIBRO
_2ddc
999 _c171750
_d171750